01188 2200193 4500001002100000005001500021035002000036008004100056245004100097100001700138250000600155260003100161300001200192084001400204082000800218650001000226520074600236990001200982INLIS00000000000106520240522121401 a0010-0524000300240522 1 ind 1 aKeharuman Cinta Bunda /cAnna Farida aFarida, Anna a1 aJakarta :bEuthenia,c2018 a168 hlm a813 ANN k a813 4aFiksi a"Keharuman Cinta Bunda" merupakan fiksi sastra jenis novel karangan Anna Farida. Seperti roda yang selalu berputar, saat kenyataan tak sesuai harapan, ibu selalu memberikan ketenangan dan kedamaian lewat nasihat dan untaian doanya. Sedangkan ayahku, selalu memberikan atmosfer kekuatan dan keyakinan bahwa dengan hadirnya masalah justru kita akan menjadi lebih kuat. Dari tangan ibuku, aku banyak belajar tentang kasih sayang. Dari tangan ayahku, aku belajar tentang cara menjaga kasih sayang itu. Kedua tangan mereka adalah wakil Tuhan untuk melangsungkan kehidupanku. Mereka layaknya pelita sebagai penerang hidup, ibarat cahaya lilin yang selalu setia menerangi setiap sudut jalan dan sebagai motivasi untuk tetap kuat dan melangkah maju. a0744043